Statistics for 50 Busiest Auckland Flight Routes

Click here to take the quiz!

General Stats

  • This quiz has been taken 27 times
  • The average score is 25 of 50

Answer Stats

HintAnswer% Correct
33Los Angeles
96%
1Sydney
96%
43Tokyo
96%
16Wellington
92%
17Brisbane
88%
31Christchurch
88%
2Melbourne
88%
8Singapore
88%
20Perth
84%
7Hong Kong
80%
34San Francisco
80%
13Dubai
76%
28Shanghai
76%
11Vancouver
76%
47New York
72%
37Adelaide
68%
46Chicago
68%
30Kuala Lumpur
64%
5Gold Coast
60%
45Bali/Denpasar
56%
39Santiago
56%
12Cairns
52%
26Houston
52%
32Queenstown
52%
48Dallas/Fort Worth
48%
15Guangzhou
48%
50Hobart
44%
23Apia
40%
38Dunedin
40%
27Honolulu
40%
3Nadi
36%
4Nelson
36%
44Sunshine Coast
36%
18Napier
32%
25Gisborne
28%
49Port Vila
28%
29Noumea
24%
40Nuku'alofa/Tongatapu
24%
22Rotorua
24%
21Tauranga
24%
19Palmerston North
20%
14Papeete
20%
6Rarotonga
20%
41Taupo
16%
9Whanganui
16%
36Blenheim
12%
10Kerikeri
12%
35New Plymouth
12%
24Whangarei
12%
42Kapiti Coast/Paraparaumu
4%

Score Distribution

Percentile by Number Answered

Percent of People with Each Score

Your Score History

You have not taken this quiz